000 00506nam a2200193 a 4500
001 5430
003 CO-ViMGA
008 141112s2004 ck r 000 u spa d
040 _aCO-ViMGA
_bspa
_cCO-ViMGA
082 0 4 _a133.5 A581
100 1 _aAlvarenge, RosÁngela
_93728
245 1 0 _aIniciación a la astrología
260 _aSantafé de Bogotá :
_bPanAméricana,
_c1995
300 _a166 p
490 _aIniciación nueva era
650 1 4 _aASTROLOGIA
650 1 4 _aZODIACO
_954503
942 _2ddc
_cBK
999 _c17417
_d17417